| 000 | 00469nam a2200169 a 4500 | ||
|---|---|---|---|
| 001 | 0000-9350 | ||
| 003 | ELIB.Books | ||
| 008 | 110520 1989 | ||
| 035 | _a(ELIB.Books)0000-9502 | ||
| 082 |
_a610 _bWer |
||
| 100 | _aWerner, David | ||
| 245 | _aWhere There is No Doctor on Village Health Care Handbook | ||
| 260 |
_bNew York: Published by Macmillan PublishersLTD _c1989 |
||
| 650 | _aMedicine | ||
| 942 |
_2ddc _cBK |
||
| 998 |
_cbat _e2011-05-20 |
||
| 999 |
_c9350 _d9350 |
||